Questions contemporaines 2026 : Concours commun IEP : Les solidarités - Le vivant (notice n° 1638746)
[ vue normale ]
| 000 -LEADER | |
|---|---|
| fixed length control field | 01200cam a2200193 4500500 |
| 005 - DATE AND TIME OF LATEST TRANSACTION | |
| control field | 20260201002941.0 |
| 041 ## - LANGUAGE CODE | |
| Language code of text/sound track or separate title | fre |
| 042 ## - AUTHENTICATION CODE | |
| Authentication code | dc |
| 100 10 - MAIN ENTRY--PERSONAL NAME | |
| Personal name | Bozonnet, Grégory |
| Relator term | author |
| 245 00 - TITLE STATEMENT | |
| Title | Questions contemporaines 2026 : Concours commun IEP : Les solidarités - Le vivant |
| 260 ## - PUBLICATION, DISTRIBUTION, ETC. | |
| Name of publisher, distributor, etc. | Armand Colin,<br/> |
| Date of publication, distribution, etc. | 2025.<br/> |
| 520 ## - SUMMARY, ETC. | |
| Summary, etc. | Le manuel de référence • La méthodologie détaillée de la dissertation • Le cours complet sur les deux thèmes • Une approche multidisciplinaire : histoire, sociologie, droit, relations internationales, sciences politiques, sciences humaines… • 4 sujets corrigés • 20 exemples de dissertations Préparez-vous à l’épreuve de questions contemporaines • IEP d’Aix-en-Provence • IEP de Lille • IEP de Lyon • IEP de Rennes • IEP de Saint-Germain-en-Laye • IEP de Strasbourg • IEP de Toulouse |
| 700 10 - ADDED ENTRY--PERSONAL NAME | |
| Personal name | Dacos, Antonin |
| Relator term | author |
| 700 10 - ADDED ENTRY--PERSONAL NAME | |
| Personal name | Dross, Héloïse |
| Relator term | author |
| 700 10 - ADDED ENTRY--PERSONAL NAME | |
| Personal name | Elia, Apollonia |
| Relator term | author |
| 700 10 - ADDED ENTRY--PERSONAL NAME | |
| Personal name | Fer, Hugo |
| Relator term | author |
| 700 10 - ADDED ENTRY--PERSONAL NAME | |
| Personal name | Keltz, Charlotte |
| Relator term | author |
| 856 41 - ELECTRONIC LOCATION AND ACCESS | |
| Uniform Resource Identifier | <a href="https://shs.cairn.info/destination-sciences-po-questions-contemporaines-2026--9782200642112?lang=fr&redirect-ssocas=7080">https://shs.cairn.info/destination-sciences-po-questions-contemporaines-2026--9782200642112?lang=fr&redirect-ssocas=7080</a> |
Pas d'exemplaire disponible.




Réseaux sociaux